Member Airlines of One World Alliance - Statistics

General Stats
  • This quiz has been taken 71 times
  • The average score is 9 of 14
Answer Stats
Answer % Correct
British Airways
93%
Qantas
87%
American Airlines
85%
Iberia
70%
Qatar Airways
69%
Japan Airlines
65%
Finnair
63%
LATAM
59%
Malaysia Airlines
57%
Royal Jordanian
52%
S7 Airlines
48%
airberlin
46%
SriLankan Airlines
37%
Cathay PaCific
20%
No matching quizzes found
Score Distribution
Percent of People with Each Score
Percentile by Number Answered
Your Score History
You have not taken this quiz